书目信息 |
| 题名: |
保险学
|
|
| 作者: | 施建祥 | |
| 分册: | ||
| 出版信息: | 上海 立信会计出版社 |
|
| 页数: | 567 | |
| 开本: | 20cm | |
| 丛书名: | ||
| 单 册: | ||
| 中图分类: | F84 | |
| 科图分类: | ||
| 主题词: | 保险 | |
| 电子资源: | ||
| ISBN: | 7-5429-1285-2 | |
| 000 | 00458nam0 2200181 450 | |
| 001 | 0734081268 | |
| 005 | 20071007092801.28 | |
| 010 | @a7-5429-1285-2 | |
| 100 | @a20071007d km y0chiy0120 ea | |
| 101 | 0 | @achi |
| 200 | 1 | @a保险学@Abao xian xue@f施建祥@Fshi jian xiang |
| 210 | @a上海@c立信会计出版社 | |
| 215 | @a567@d20cm | |
| 606 | 0 | @a保险 |
| 690 | @aF84@v3 | |
| 701 | 0 | @a施建祥@Ashi jian xiang |
| 801 | 0 | @aCN@bPFT@c20071007 |
| 905 | @a213230@dF84@ea1@f1 | |
| 保险学/施建祥.-上海:立信会计出版社 |
| 567;20cm |
| ISBN 7-5429-1285-2: |
| ● |
| 相关链接 |
|
|
|
|
正题名:保险学
索取号:F84/a1
 
预约/预借
| 序号 | 登录号 | 条形码 | 馆藏地/架位号 | 状态 | 备注 |
| 1 | 7505825 | 275058250 | 史法系资料室/ [索取号:F84/a1] | 在馆 |